|
|
|
|
| LEADER |
00765nam a22001937a 4500 |
| 020 |
|
|
|a 978-81-8265-154-8
|
| 082 |
|
|
|a 894.M07
|b AZE/V Q1
|
| 100 |
|
|
|a അസീസ് തരുവണ
|9 274124
|
| 100 |
|
|
|a Azeez Tharuvana
|9 274125
|
| 240 |
|
|
|a Vayanadan Ramayanam
|
| 245 |
|
|
|a വയനാടന് രാമായണം
|
| 250 |
|
|
|a 1st (2009)
|
| 260 |
|
|
|a Mathurbhumi Books;
|b Kozhikode;
|c 2011
|
| 300 |
|
|
|a 222p.
|
| 650 |
|
|
|a മലയാളം; മലയാളം പഠനം; പഠനം
|9 274126
|
| 650 |
|
|
|a Malayalam; Malayalam Study; Study
|9 274127
|
| 942 |
|
|
|c BK
|
| 999 |
|
|
|c 55901
|d 55901
|
| 952 |
|
|
|0 0
|1 0
|4 0
|6 894_000000000000000_M07_AZE_V_Q1
|7 0
|8 STU
|9 66782
|a MAL
|b MAL
|d 2016-07-12
|e 52788
|g 150.00
|l 0
|o 894.M07 AZE/V Q1
|p MAL052788
|r 2016-07-12
|t 1
|w 2016-07-12
|y BK
|